[Event "Spandau Christmas op 6th"]
[Site "Spandau"]
[Date "2023.12.29"]
[Round "6"]
[White "Goluch, Piotr"]
[Black "Dathe, Frederick"]
[Result "1-0"]
[WhiteElo "2312"]
[BlackElo "2143"]
[PlyCount "83"]
[EventDate "2023.12.27"]
[EventType "swiss"]
[EventRounds "7"]
[EventCountry "GER"]
[SourceTitle "CB01_2024"]
[SourceDate "2024.01.03"]
[SourceVersion "1"]
[SourceVersionDate "2024.01.03"]
[SourceQuality "1"]

1. d4 d5 2. c4 dxc4 3. Nf3 Nf6 4. e3 e6 5. Bxc4 c5 6. 0-0 a6 7. dxc5 Bxc5 8. Qxd8+ Kxd8 9. Ne5 Ke7 10. Be2 Nfd7 11. Nd3 Bd6 12. Nd2 Rd8 13. Ne4 Bc7 14. b3 Nf6 15. Ba3+ Ke8 16. Nxf6+ gxf6 17. Rac1 Nc6 18. Nb4 Bd7 19. Rfd1 Rac8 20. Bf3 Nxb4 21. Bxb4 Bc6 22. Bxc6+ bxc6 23. Rxd8+ Rxd8 24. Kf1 Kd7 25. Rc4 e5 26. Rh4 Rh8 27. Rh6 Ke6 28. Bc3 Kf5 29. e4+ Ke6 30. f4 Bd6 31. h3 Ke7 32. f5 Bc5 33. Ke2 Ba3 34. Be1 Rd8 35. Rxf6 Rd4 36. Rxc6 Rxe4+ 37. Kd1 Rd4+ 38. Kc2 Rd6 39. Rc7+ Kf8 40. b4 Rd4 41. Kb3 Re4 42. Bd2 1-0

[Event "Spandau Christmas op 6th"]
[Site "Spandau"]
[Date "2023.12.28"]
[Round "4"]
[White "Dathe, Frederick"]
[Black "Nemitz, Alfred"]
[Result "1/2-1/2"]
[WhiteElo "2143"]
[BlackElo "2219"]
[PlyCount "44"]
[EventDate "2023.12.27"]
[EventType "swiss"]
[EventRounds "7"]
[EventCountry "GER"]
[SourceTitle "CB01_2024"]
[SourceDate "2024.01.03"]
[SourceVersion "1"]
[SourceVersionDate "2024.01.03"]
[SourceQuality "1"]

1. c4 Nf6 2. Nf3 e6 3. b3 d5 4. Bb2 a5 5. Nc3 c6 6. e3 Nbd7 7. d4 Bd6 8. Be2 0-0 9. 0-0 Qe7 10. Qc2 b6 11. e4 dxe4 12. Nxe4 Nxe4 13. Qxe4 Bb7 14. Rad1 a4 15. Bd3 Nf6 16. Qh4 h6 17. Bb1 Rfd8 18. Ne5 Nd7 19. Qh3 Nxe5 20. dxe5 Ba3 21. Bc3 Rxd1 22. Rxd1 Rd8 1/2-1/2

[Event "Berlin Radtke Memorial op"]
[Site "Berlin"]
[Date "2023.10.29"]
[Round "9"]
[White "Dathe, Frederick"]
[Black "Stremavicius, Pijus"]
[Result "0-1"]
[WhiteElo "2108"]
[BlackElo "2359"]
[PlyCount "86"]
[EventDate "2023.10.23"]
[EventType "swiss"]
[EventRounds "9"]
[EventCountry "GER"]
[SourceTitle "Mega2024 Update 01"]
[Source "Chessbase"]
[SourceDate "2023.11.12"]
[SourceVersion "1"]
[SourceVersionDate "2023.11.12"]
[SourceQuality "1"]

1. c4 e6 2. Nf3 d5 3. g3 d4 4. e3 Nc6 5. exd4 Nxd4 6. Bg2 g6 7. Na3 Bg7 8. 0-0 Ne7 9. Nxd4 Qxd4 10. d3 0-0 11. Nc2 Qd7 12. Qe2 Nf5 13. Rb1 c6 14. b4 b6 15. g4 Nd4 16. Nxd4 Bxd4 17. a4 Bb7 18. Bh6 Rfe8 19. c5 bxc5 20. bxc5 Ba6 21. Rb3 Rab8 22. Rfb1 Rxb3 23. Rxb3 Bxc5 24. Qc2 Qe7 25. Rc3 Bb6 26. Rxc6 Qh4 27. Be3 Bxe3 28. Rxa6 Bd4 29. Qe2 Rb8 30. Rc6 Rb1+ 31. Bf1 h5 32. Rc4 Rb2 33. Rxd4 Rxe2 34. Bxe2 hxg4 35. Rxg4 Qf6 36. Kg2 Kg7 37. Rc4 Qg5+ 38. Rg4 Qd2 39. Kf1 f5 40. Rc4 Kf6 41. h3 g5 42. Rd4 Qc1+ 43. Kg2 Qb2 0-1

[Event "GER-chT U20"]
[Site "Muenster"]
[Date "2022.12.29"]
[Round "5"]
[White "Dathe, Frederick"]
[Black "Mooser, Nicolas"]
[Result "1/2-1/2"]
[WhiteElo "2089"]
[BlackElo "2095"]
[PlyCount "56"]
[EventDate "2022.12.26"]
[EventType "team-swiss"]
[EventRounds "7"]
[EventCountry "GER"]
[SourceTitle "CBM 212 Extra"]
[Source "ChessBase"]
[SourceDate "2023.03.31"]
[SourceVersion "1"]
[SourceVersionDate "2023.03.31"]
[SourceQuality "1"]
[WhiteTeam "Kreuzberg"]
[BlackTeam "Ergolding"]
[WhiteTeamCountry "GER"]
[BlackTeamCountry "GER"]

1. c4 e6 2. Nf3 d5 3. g3 Nf6 4. Bg2 Be7 5. 0-0 0-0 6. b3 b6 7. Bb2 Bb7 8. d3 c5 9. cxd5 Nxd5 10. Nbd2 Bf6 11. Qc2 Qe7 12. Rac1 Nc6 13. Rfd1 Rac8 14. Nc4 Rfd8 15. e3 Rc7 16. a3 Bxb2 17. Qxb2 Rdc8 18. h4 h6 19. e4 Nf6 20. e5 Nd5 21. Nd6 Rb8 22. d4 cxd4 23. Nxd4 Nxd4 24. Qxd4 Ba8 25. Kh2 Rd8 26. f4 f5 27. a4 Kh7 28. Bf1 g5 1/2-1/2

[Event "Berlin Werner Ott op"]
[Site "Berlin"]
[Date "2022.07.15"]
[Round "7"]
[White "Dathe, Frederick"]
[Black "Matthes, Aaron"]
[Result "0-1"]
[WhiteElo "2094"]
[BlackElo "2146"]
[PlyCount "58"]
[EventDate "2022.07.09"]
[EventType "swiss"]
[EventRounds "9"]
[EventCountry "GER"]
[SourceTitle "CBM 209 Extra"]
[Source "ChessBase"]
[SourceDate "2022.09.30"]
[SourceVersion "1"]
[SourceVersionDate "2022.09.30"]
[SourceQuality "1"]

1. c4 Nf6 2. Nf3 e6 3. g3 d5 4. Bg2 Be7 5. 0-0 0-0 6. b3 d4 7. Bb2 c5 8. b4 a5 9. bxc5 Nc6 10. d3 Bxc5 11. Na3 e5 12. Nc2 Re8 13. Qd2 Bg4 14. Ng5 Bf5 15. Rab1 h6 16. Ne4 Nxe4 17. Bxe4 Bxe4 18. dxe4 Qe7 19. Qd3 Nb4 20. Nxb4 axb4 21. Qb3 Ra6 22. Rbd1 Rea8 23. e3 dxe3 24. fxe3 Qg5 25. Rd3 Rxa2 26. Rf5 Qg4 27. Rd2 R8a3 28. Rd8+ Kh7 29. Bxa3 Qe2 0-1

[Event "Oberliga Nord O 2122"]
[Site "Germany"]
[Date "2022.05.01"]
[Round "9.7"]
[White "Dathe, Frederick"]
[Black "Jahn, Thomas"]
[Result "1-0"]
[WhiteElo "2048"]
[BlackElo "2179"]
[PlyCount "101"]
[EventDate "2021.10.31"]
[EventType "team-tourn"]
[EventRounds "9"]
[EventCountry "GER"]
[SourceTitle "EXT 2023"]
[Source "ChessBase"]
[SourceDate "2022.10.05"]
[SourceVersion "1"]
[SourceVersionDate "2022.10.05"]
[SourceQuality "1"]
[WhiteTeam "Kreuzberg"]
[BlackTeam "Berlin Empor"]
[WhiteTeamCountry "GER"]
[BlackTeamCountry "GER"]

1. c4 e5 2. g3 Nf6 3. Bg2 c6 4. Nf3 e4 5. Nd4 Qb6 6. Nc2 d5 7. cxd5 cxd5 8. d3 Nc6 9. Nc3 exd3 10. Qxd3 d4 11. Ne4 Nxe4 12. Qxe4+ Be7 13. 0-0 Qc5 14. b4 f5 15. Qxc6+ Qxc6 16. Bxc6+ bxc6 17. Nxd4 Bxb4 18. Nxc6 Bc3 19. Rb1 Be6 20. Ba3 Kf7 21. Rb7+ Kg6 22. Rd1 Rhe8 23. Rd6 Bf6 24. Ne7+ Rxe7 25. Rxe7 Bxe7 26. Rxe6+ Bf6 27. Ra6 Rd8 28. e3 h5 29. h4 Kh7 30. Rxa7 Rd1+ 31. Kg2 f4 32. gxf4 Bxh4 33. Be7 Bxe7 34. Rxe7 Kg6 35. a4 Ra1 36. Ra7 Ra2 37. Ra6+ Kf5 38. Ra5+ Kg6 39. Rg5+ Kf6 40. Rxh5 Rxa4 41. Rb5 Rc4 42. Kf3 Rc3 43. Kg4 Rc2 44. Rb6+ Kf7 45. f3 Rg2+ 46. Kf5 Rg3 47. Rb7+ Kg8 48. Ke4 g6 49. Rb5 Kf7 50. Rg5 Rh3 51. f5 1-0

[Event "Oberliga Nord O 2122"]
[Site "Germany"]
[Date "2021.10.31"]
[Round "1.7"]
[White "Dathe, Frederick"]
[Black "Dettmann, Holger"]
[Result "1/2-1/2"]
[WhiteElo "2011"]
[BlackElo "2019"]
[PlyCount "80"]
[EventDate "2021.10.31"]
[EventType "team-tourn"]
[EventRounds "9"]
[EventCountry "GER"]
[SourceTitle "EXT 2023"]
[Source "ChessBase"]
[SourceDate "2022.10.05"]
[SourceVersion "1"]
[SourceVersionDate "2022.10.05"]
[SourceQuality "1"]
[WhiteTeam "Kreuzberg"]
[BlackTeam "Guestrow/Teterow"]
[WhiteTeamCountry "GER"]
[BlackTeamCountry "GER"]

1. c4 f5 2. Nc3 Nf6 3. g3 e6 4. Bg2 Be7 5. d3 0-0 6. Nf3 d6 7. 0-0 Nbd7 8. Rb1 c6 9. b4 Ng4 10. b5 c5 11. e4 Bf6 12. Bd2 Nge5 13. Ne1 Nf7 14. f4 Bd4+ 15. Kh1 fxe4 16. dxe4 e5 17. f5 Nf6 18. Nd5 Nxd5 19. cxd5 Bd7 20. Qh5 Qf6 21. g4 g6 22. Qh3 g5 23. Nf3 h6 24. Rfc1 Kg7 25. Bf1 Rh8 26. Be2 Rag8 27. Qg3 Kf8 28. Kg2 Ke7 29. h3 Rg7 30. Rh1 Rhg8 31. Rh2 h5 32. Rbh1 h4 33. Qe1 Ra8 34. a4 Rgg8 35. a5 Rac8 36. Bc4 Ra8 37. Qd1 Rac8 38. Qb3 Ra8 39. Qd1 Rac8 40. Qb3 Ra8 1/2-1/2

[Event "GER-chT U20"]
[Site "Willingen"]
[Date "2021.06.26"]
[Round "5"]
[White "Pralle, Finnegan"]
[Black "Dathe, Frederick"]
[Result "0-1"]
[WhiteElo "1910"]
[BlackElo "1992"]
[PlyCount "66"]
[EventDate "2021.06.24"]
[EventType "team-swiss"]
[EventRounds "7"]
[EventCountry "GER"]
[SourceTitle "CBM 203 Extra"]
[Source "ChessBase"]
[SourceDate "2021.09.30"]
[SourceVersion "1"]
[SourceVersionDate "2021.09.30"]
[SourceQuality "1"]
[WhiteTeam "Biebertal"]
[BlackTeam "Kreuzberg"]
[WhiteTeamCountry "GER"]
[BlackTeamCountry "GER"]

1. e4 c5 2. Nc3 Nc6 3. d3 g6 4. Be3 d6 5. g3 Bg7 6. Bg2 Rb8 7. Qd2 e6 8. Nf3 Nd4 9. Nd1 e5 10. c3 Bh3 11. cxd4 Bxg2 12. Nh4 Bxh1 13. dxc5 d5 14. f3 d4 15. Bg1 Bf6 16. Qf2 Qa5+ 17. Kf1 Qxc5 18. Qe2 Rc8 19. Nf2 Qc2 20. Nxh1 Qxe2+ 21. Kxe2 Bxh4 22. gxh4 Rc2+ 23. Kf1 Rxb2 24. f4 f6 25. Nf2 Ne7 26. Ng4 0-0 27. h3 Nc6 28. h5 f5 29. exf5 gxh5 30. Nf2 Rxf5 31. fxe5 Nxe5 32. Ke1 Nf3+ 33. Kf1 Nxg1 0-1

[Event "GER-chT U20"]
[Site "Willingen"]
[Date "2021.06.24"]
[Round "1"]
[White "Dathe, Frederick"]
[Black "Holinka, Henning"]
[Result "1/2-1/2"]
[WhiteElo "1992"]
[BlackElo "2256"]
[PlyCount "106"]
[EventDate "2021.06.24"]
[EventType "team-swiss"]
[EventRounds "7"]
[EventCountry "GER"]
[SourceTitle "CBM 203 Extra"]
[Source "ChessBase"]
[SourceDate "2021.09.30"]
[SourceVersion "1"]
[SourceVersionDate "2021.09.30"]
[SourceQuality "1"]
[WhiteTeam "Kreuzberg"]
[BlackTeam "Hamburger SK"]
[WhiteTeamCountry "GER"]
[BlackTeamCountry "GER"]

1. d4 Nf6 2. Bf4 d5 3. Nf3 e6 4. e3 Be7 5. h3 0-0 6. Nbd2 Nbd7 7. Bd3 c5 8. c3 c4 9. Bc2 b5 10. e4 dxe4 11. Nxe4 Bb7 12. Nfd2 Nxe4 13. Bxe4 Bxe4 14. Nxe4 Nb6 15. Qe2 Nd5 16. Bg3 Rc8 17. a3 Qd7 18. 0-0 f5 19. Nd2 f4 20. Bh2 Bd6 21. Rfe1 Rce8 22. Qf3 a5 23. a4 Rf5 24. Qe2 f3 25. Nxf3 Bxh2+ 26. Kxh2 Nf4 27. Qe3 Nd3 28. Re2 b4 29. Kg1 Nf4 30. Rc2 Nd5 31. Qe2 b3 32. Rd2 Nf4 33. Qe3 Ng6 34. Ne5 Qd5 35. Nxg6 hxg6 36. Re1 Qc6 37. Qg3 Kf7 38. Ra1 Qd5 39. Qc7+ Re7 40. Qb8 e5 41. Re1 e4 42. Rde2 Qc6 43. Re3 Re8 44. Qg3 Re6 45. Qg4 Ref6 46. Qxe4 Qxe4 47. Rxe4 Rxf2 48. R4e2 R2f5 49. Re7+ Kg8 50. Re8+ Kh7 51. R8e5 Rf2 52. R1e2 Rf1+ 53. Kh2 R6f2 1/2-1/2

[Event "Berlin Lichtenberger op 18th"]
[Site "Berlin"]
[Date "2019.08.24"]
[Round "8"]
[White "Dathe, Frederick"]
[Black "Petersen, Soren Boeck"]
[Result "1/2-1/2"]
[WhiteElo "2110"]
[BlackElo "2218"]
[PlyCount "33"]
[EventDate "2019.08.17"]
[EventType "swiss"]
[EventRounds "9"]
[EventCountry "GER"]
[SourceTitle "EXT 2020"]
[Source "ChessBase"]
[SourceDate "2019.10.17"]
[SourceVersion "1"]
[SourceVersionDate "2019.10.17"]
[SourceQuality "1"]

1. Nf3 d5 2. c4 e6 3. g3 Nf6 4. Bg2 c5 5. 0-0 Nc6 6. cxd5 exd5 7. d4 Be7 8. Nc3 0-0 9. b3 Ne4 10. Bb2 Bf6 11. e3 Bg4 12. Ne2 Qa5 13. Ne5 Bxe2 14. Qxe2 cxd4 15. exd4 Rfe8 16. Bxe4 dxe4 17. Qxe4 1/2-1/2

[Event "Berlin Werner Ott op"]
[Site "Berlin"]
[Date "2019.06.29"]
[Round "8"]
[White "Dathe, Frederick"]
[Black "Wierzbicki, Jirawat"]
[Result "1/2-1/2"]
[WhiteElo "2074"]
[BlackElo "2152"]
[PlyCount "103"]
[EventDate "2019.06.22"]
[EventType "swiss"]
[EventRounds "9"]
[EventCountry "GER"]
[SourceTitle "EXT 2022"]
[Source "ChessBase"]
[SourceDate "2021.10.06"]
[SourceVersion "1"]
[SourceVersionDate "2021.10.06"]
[SourceQuality "1"]

1. c4 e5 2. g3 Nf6 3. Bg2 d5 4. cxd5 Nxd5 5. Nc3 Nb6 6. Nf3 Nc6 7. 0-0 Be7 8. a3 0-0 9. d3 Be6 10. Be3 Nd5 11. Nxd5 Bxd5 12. Rc1 f6 13. Qa4 a6 14. Bc5 b6 15. Bxe7 Nxe7 16. e4 Bf7 17. d4 exd4 18. Nxd4 c5 19. Nc6 Nxc6 20. Qxc6 Be8 21. Qe6+ Bf7 22. Qc6 Rc8 23. Qb7 a5 24. Rfd1 Qc7 25. Qxc7 Rxc7 26. Rd6 Rb8 27. f4 Re7 28. Rcd1 Kf8 29. Kf2 b5 30. Rd8+ Rxd8 31. Rxd8+ Re8 32. Rxe8+ Bxe8 33. e5 Ke7 34. Be4 fxe5 35. fxe5 Bf7 36. Bc6 b4 37. Ke3 bxa3 38. bxa3 Ke6 39. Ke4 Bg6+ 40. Kf4 c4 41. Be4 c3 42. Bxg6 hxg6 43. Ke3 c2 44. Kd2 c1Q+ 45. Kxc1 Kxe5 46. Kc2 Kd4 47. Kb3 Kc5 48. Ka4 Kb6 49. h4 Ka6 50. Kb3 Kb5 51. a4+ Kc5 52. Kc3 1/2-1/2

[Event "Berlin Werner Ott op"]
[Site "Berlin"]
[Date "2019.06.25"]
[Round "4"]
[White "Dathe, Frederick"]
[Black "Kautz, Stefan"]
[Result "1-0"]
[WhiteElo "2074"]
[BlackElo "1842"]
[PlyCount "59"]
[EventDate "2019.06.22"]
[EventType "swiss"]
[EventRounds "9"]
[EventCountry "GER"]
[SourceTitle "EXT 2022"]
[Source "ChessBase"]
[SourceDate "2021.10.06"]
[SourceVersion "1"]
[SourceVersionDate "2021.10.06"]
[SourceQuality "1"]

1. c4 Nf6 2. g3 c5 3. Bg2 g6 4. Nc3 Bg7 5. e4 d6 6. Nge2 Nc6 7. d3 0-0 8. 0-0 a6 9. h3 Bd7 10. Be3 Rb8 11. a4 Nb4 12. Qd2 e6 13. e5 Ne8 14. exd6 b6 15. d4 cxd4 16. Nxd4 e5 17. Nde2 Qc8 18. Kh2 Qxc4 19. Nd5 Nxd5 20. Bxd5 Qc8 21. Rac1 Qd8 22. Nc3 Nxd6 23. Rfd1 Nf5 24. Ne4 Qe8 25. Bg5 h6 26. Bf6 Bxa4 27. b3 Bb5 28. Rc7 Kh8 29. Nd6 Nxd6 30. Qxh6+ 1-0

[Event "Berlin Lichtenrade op 14th"]
[Site "Berlin"]
[Date "2018.11.04"]
[Round "9"]
[White "Dathe, Frederick"]
[Black "Schmuecker, Marcus"]
[Result "1/2-1/2"]
[WhiteElo "2062"]
[BlackElo "2271"]
[PlyCount "98"]
[EventDate "2018.10.27"]
[EventType "swiss"]
[EventRounds "9"]
[EventCountry "GER"]
[SourceTitle "CBM 187 Extra"]
[Source "ChessBase"]
[SourceDate "2018.11.04"]
[SourceVersion "1"]
[SourceVersionDate "2018.11.04"]
[SourceQuality "1"]

1. Nf3 d5 2. g3 Bg4 3. Bg2 c6 4. 0-0 Nd7 5. d4 e6 6. c4 Bd6 7. Nc3 Ngf6 8. b3 0-0 9. Bb2 Re8 10. Re1 dxc4 11. bxc4 e5 12. d5 Nb6 13. Qb3 a5 14. a4 Nfd7 15. Ne4 Bb4 16. Red1 Qe7 17. h3 Bh5 18. Rac1 f5 19. Nc3 Nc5 20. Qc2 Qf6 21. Nh4 g6 22. Rb1 Rad8 23. Bc1 e4 24. Bf1 g5 25. Ng2 Nxc4 26. Na2 Na3 27. Bxa3 Bxa3 28. dxc6 Rxd1 29. Rxd1 bxc6 30. Ne3 Bf7 31. Nc4 Bxc4 32. Qxc4+ Qf7 33. e3 Rb8 34. Rd6 Qxc4 35. Bxc4+ Kg7 36. Rxc6 Rb1+ 37. Kg2 Nd3 38. Rc7+ Kf6 39. Nc3 Rb2 40. Bxd3 exd3 41. Rd7 d2 42. Kf3 h6 43. Ke2 Bb4 44. Rd3 Ke6 45. f3 h5 46. g4 fxg4 47. fxg4 hxg4 48. hxg4 Rc2 49. Ne4 Rc4 1/2-1/2

[Event "Berlin Lichtenberger op 17th"]
[Site "Berlin"]
[Date "2018.08.26"]
[Round "9"]
[White "Dathe, Frederick"]
[Black "McGowan, Daniel"]
[Result "1/2-1/2"]
[WhiteElo "2007"]
[BlackElo "2139"]
[PlyCount "69"]
[EventDate "2018.08.18"]
[EventType "swiss"]
[EventRounds "9"]
[EventCountry "GER"]
[SourceTitle "CBM 186 Extra"]
[Source "ChessBase"]
[SourceDate "2018.08.24"]
[SourceVersion "1"]
[SourceVersionDate "2018.08.24"]
[SourceQuality "1"]

1. Nf3 d5 2. g3 Nf6 3. Bg2 Bf5 4. 0-0 e6 5. c4 c6 6. b3 h6 7. Bb2 Be7 8. d3 0-0 9. Nbd2 Nbd7 10. a3 a5 11. Ra2 Bh7 12. Qa1 Ne8 13. Rc1 Qb6 14. Bc3 Bc5 15. d4 Be7 16. c5 Qa7 17. b4 axb4 18. Bxb4 Nc7 19. a4 Rfe8 20. Qb2 Bf6 21. Ne5 Nxe5 22. dxe5 Be7 23. Nb3 Rab8 24. Ba5 Na6 25. Bb6 Qa8 26. Nd4 Rbc8 27. Ra3 Nb8 28. Re3 Nd7 29. Rb3 Bg6 30. Ra1 Bd8 31. Nb5 cxb5 32. axb5 Qb8 33. Ba7 Qc7 34. Bb6 Qb8 35. Ba7 1/2-1/2

[Event "Berlin Lichtenberger op 17th"]
[Site "Berlin"]
[Date "2018.08.23"]
[Round "6"]
[White "Teh, Eu Wen Aron"]
[Black "Dathe, Frederick"]
[Result "1-0"]
[WhiteElo "2286"]
[BlackElo "2007"]
[PlyCount "91"]
[EventDate "2018.08.18"]
[EventType "swiss"]
[EventRounds "9"]
[EventCountry "GER"]
[SourceTitle "CBM 186 Extra"]
[Source "ChessBase"]
[SourceDate "2018.08.24"]
[SourceVersion "1"]
[SourceVersionDate "2018.08.24"]
[SourceQuality "1"]

1. c4 g6 2. Nc3 Bg7 3. d4 Nf6 4. e4 d6 5. Be2 0-0 6. Bg5 Na6 7. Qd2 e5 8. d5 Qe8 9. Bd1 Nc5 10. Bc2 a5 11. Nge2 Bd7 12. 0-0 Nh5 13. f3 f5 14. exf5 gxf5 15. Be3 b6 16. Kh1 f4 17. Bf2 Bf5 18. Bxf5 Rxf5 19. Bxc5 bxc5 20. Ne4 Qe7 21. N2c3 Bh6 22. Rad1 Kh8 23. Qc2 Rff8 24. Rd3 Ng7 25. Nd1 Nf5 26. Ra3 Nd4 27. Qd2 a4 28. Ndc3 Qd7 29. Rb1 Bg7 30. Qd1 Nf5 31. Rxa4 Ne3 32. Rxa8 Nxd1 33. Rxf8+ Bxf8 34. Rxd1 Be7 35. a4 Qc8 36. a5 Qa6 37. Ra1 Bd8 38. Nb5 Kg7 39. Nf2 Kf7 40. Nd3 Ke7 41. b4 c6 42. dxc6 Qxc6 43. a6 cxb4 44. a7 Qa8 45. Nxb4 Kd7 46. Ra6 1-0

[Event "Berlin Lichtenberger op 17th"]
[Site "Berlin"]
[Date "2018.08.22"]
[Round "5"]
[White "Dathe, Frederick"]
[Black "Namestnikov, Boris"]
[Result "1-0"]
[WhiteElo "2007"]
[BlackElo "1916"]
[PlyCount "59"]
[EventDate "2018.08.18"]
[EventType "swiss"]
[EventRounds "9"]
[EventCountry "GER"]
[SourceTitle "CBM 186 Extra"]
[Source "ChessBase"]
[SourceDate "2018.08.24"]
[SourceVersion "1"]
[SourceVersionDate "2018.08.24"]
[SourceQuality "1"]

1. Nf3 d5 2. g3 Nf6 3. Bg2 e6 4. 0-0 Be7 5. c4 0-0 6. b3 c5 7. cxd5 exd5 8. d4 Nc6 9. dxc5 Bxc5 10. Nc3 Be6 11. Ng5 Qd7 12. Nxe6 fxe6 13. Bb2 Rad8 14. Na4 Be7 15. Rc1 Qe8 16. Nc5 Bxc5 17. Rxc5 Qg6 18. a3 Rc8 19. Qd3 Qf7 20. b4 Rfd8 21. Rfc1 Qd7 22. e3 b6 23. R5c2 Ne7 24. h4 Rxc2 25. Rxc2 Rc8 26. Bf3 Rxc2 27. Qxc2 Qc6 28. Qxc6 Nxc6 29. Kf1 e5 30. b5 1-0

[Event "Berlin Lichtenrade op 13th"]
[Site "Berlin"]
[Date "2017.11.04"]
[Round "8"]
[White "Krefenstein, Sergej"]
[Black "Dathe, Frederick"]
[Result "1-0"]
[WhiteElo "2172"]
[BlackElo "1875"]
[PlyCount "37"]
[EventDate "2017.10.28"]
[EventType "swiss"]
[EventRounds "9"]
[EventCountry "GER"]
[SourceTitle "CBM 181 Extra"]
[Source "ChessBase"]
[SourceDate "2017.12.12"]
[SourceVersion "1"]
[SourceVersionDate "2017.12.12"]
[SourceQuality "1"]

1. e4 g6 2. d4 Bg7 3. Nc3 d6 4. f4 a6 5. Nf3 b5 6. Bd3 Nd7 7. e5 c5 8. Ng5 cxd4 9. e6 fxe6 10. Nxe6 Qa5 11. Bd2 dxc3 12. Nxg7+ Kf7 13. Bxc3 Qb6 14. Be4 Qe3+ 15. Qe2 Qxe2+ 16. Kxe2 Rb8 17. Bd5+ e6 18. Nxe6 Ngf6 19. Ng5+ 1-0

[Event "Berlin Werner Ott op"]
[Site "Berlin"]
[Date "2017.07.16"]
[Round "2"]
[White "Niehaus, Frank"]
[Black "Dathe, Frederick"]
[Result "1-0"]
[WhiteElo "2199"]
[BlackElo "1893"]
[PlyCount "45"]
[EventDate "2017.07.15"]
[EventType "swiss"]
[EventRounds "9"]
[EventCountry "GER"]
[SourceTitle "EXT 2019"]
[Source "ChessBase"]
[SourceDate "2018.10.10"]
[SourceVersion "1"]
[SourceVersionDate "2018.10.10"]
[SourceQuality "1"]

1. e4 g6 2. Nc3 Bg7 3. f4 d6 4. Nf3 a6 5. d4 b5 6. Bd3 Nd7 7. a4 b4 8. Ne2 c5 9. c3 bxc3 10. bxc3 Qc7 11. 0-0 Bb7 12. Kh1 Ngf6 13. e5 Nd5 14. Rb1 Rb8 15. e6 fxe6 16. Ng5 Nf8 17. Qc2 cxd4 18. Nxd4 Qxc3 19. Ndxe6 Nxe6 20. Nxe6 Kf7 21. Ng5+ Kg8 22. Qe2 Qf6 23. Bc4 1-0